000 00333nam a22001337a 4500
008 170825b xxu||||| |||| 00| 0 eng d
020 _a9780312442675
041 _aeng
080 _26 ED
_a070
100 _a39
101 _aMAT
245 _aWORKING WORDS A HANDBOOK OF MEDIA AND EDITORS
_cBROOKS.B.S
942 _2udc
_cBK
999 _c25028
_d25028